| Поле | Инд. | ПП | Название | Значение |
|---|---|---|---|---|
| Тип записи | a | |||
| Библиографический уровень | a | |||
| 001 | Контрольный номер | f5126e8516454246923bd7d792e9f670 | ||
| 005 | Дата корректировки | 20181126153826.0 | ||
| 100 | a | Данные общей обработки | 20181126 ||| 0rusy0189 ca | |
| 101 | 0_ | a | Язык текста | rus |
| 102 | a | Страна публикации | RU | |
| 200 | 1_ | f | Первые сведения об ответственности | О.О. Небратенко |
| a | Заглавие | Судебные механизмы защиты прав человека на внутригосударственном и международном уровнях | ||
| b | Общее обозначение материала | Текст | ||
| 210 | 1_ | d | Дата издания | 2017 |
| 461 | _0 | 1 | 2000 | |
| a | Администратор суда | |||
| 463 | _0 | 1 | 2000 | |
| a | № 3 | |||
| v | С. 45-50 | |||
| 1 | 2101 | |||
| d | 2017 | |||
| 1 | 001c91574e336cc40ae8e19072c73221794 | |||
| 606 | a | Основная рубрика | Международное право. Право отдельных стран | |
| 610 | 0_ | a | Ключевые слова | ПРАВА ЧЕЛОВЕКА |
| a | Ключевые слова | ЗАЩИТА ПРАВ И СВОБОД | ||
| a | Ключевые слова | СУДЕБНАЯ ЗАЩИТА | ||
| a | Ключевые слова | МЕЖДУНАРОДНОЕ И НАЦИОНАЛЬНОЕ ПРАВО | ||
| a | Ключевые слова | КОНСТИТУЦИОННЫЙ СУД РФ | ||
| 700 | _1 | a | Фамилия | Небратенко |
| b | Имя | О.О. | ||
| 801 | _0 | a | Страна | RU |
| b | Организация | РГУП | ||
| c | Дата составления | 20181126 | ||
| g | Правила каталогизации | PSBO | ||
| 801 | _1 | a | Страна | RU |
| b | Организация | РГУП | ||
| c | Дата составления | 20181126 | ||
| g | Правила каталогизации | PSBO | ||
| 901 | t | Тип документа | b | |
| w | Контрольный № источника | c91574e336cc40ae8e19072c73221794 | ||
| 905 | a | Дата ввода | 20181126 |